| 000 | 00782nam a22002057a 4500 | ||
|---|---|---|---|
| 003 | MX-MxUPN | ||
| 005 | 20250910091053.0 | ||
| 008 | 250813s2001 ja |||||fr||| 100 0 eng d | ||
| 040 |
_aMX-MxUPN _bspa _cMX-MxUPN |
||
| 041 | 0 | _aeng | |
| 050 | 1 | 4 |
_aHD8039 M225 _bA64 2001 |
| 111 | 2 |
_aAPEC Forum on Human Resources Development _d2000 _cChiba, Japan _957700 |
|
| 245 | 1 | 0 | _aAPEC Forum on Human Resources Development 2000 on human resources deveoplment in manufacturing industry |
| 260 |
_aChiba, Japan : Ministry od Health, Labour and Welfare, Overseas Vocational Training Association, _c2001 |
||
| 300 | _a184 páginas | ||
| 650 | 4 |
_aRecursos humanos _vCongresos _956827 |
|
| 650 | 4 |
_aManufactura _xIndustrias _vCongresos _957345 |
|
| 902 | _aBerenice Martínez | ||
| 942 |
_2lcc _cLIBRO |
||
| 999 |
_c213736 _d213736 |
||